000 00797nam a2200289Ia 4500
001 10973
003 IT-RoPAU
008 130308s9999 xx 000 0 und d
040 _aIT-RoPAU
040 _cIT-RoPAU
041 _aITALIANO
100 _aMontani Pietro
100 _gCodice Aut. SPICS: 3625
245 _aNota introduttiva a l'occhio della rivoluzione di Vertov
245 _bOcchio della Rivoluzione (L')-Scritti dal 1922 al 1942
250 _a1a ed.
260 _aMILANO
260 _bMazzotta
260 _c1975 [1° Ed.:1975 - Ed.Ling.Originale:1975]
300 _a"19 p. (prefazione: no ; testo: 19 [pagine: 7-25])"
650 _aTEORICHE CINEMATOGRAFICHE
650 _eCodice materia Spics: 6805
942 _cBK
957 _71
999 _c52158
_d52158
999 _bSI
999 _g1